00679nam a22001457a 450000500170000010000900001724501040010726000270021130000100023870000490024894200110029799900170030895201040032595201040042920260629135740.0 aSajad Hussain Shaheena21-MEEE-04aSupervisor - Prof.Dr. Abdul Qayoom Jakhrani 91041 aReduction of Total Dissolvel Solids from Brackish Ground Water Using Natural Adsorbents (Thesis ME) aNawabshahbQUESTc2025 a119p. aDepartment of Environment Engineering 91039 cTHESIS c69096d69093 00104070aRESEARCHbRESEARCHd2026-06-29l0pMP/104-1569r2026-06-29 13:58:05w2026-06-29yTHESIS 00104070aRESEARCHbRESEARCHd2026-06-29l0pMP/104-1570r2026-06-29 13:58:05w2026-06-29yTHESIS